00670 2200193 4500001002100000005001500021035002000036007000300056008004100059020000600100082000800106084001400114245011700128250000600245260010000251300003500351650002100386110006900407INLIS00000000000454020260423095345 a0010-0426000065ta260423 g 0 ind  a- a352 a352 DIN p1 aPelayanan Umum Pemerintah Kabupaten Jembrana /cDinas Informasi Komunikasi, Pelayanan Umum, Perhubungan dan Data a- aBali :bDinas Informasi Komunikasi, Pelayanan Umum, Perhubungan dan Data Kabupaten Jembrana,c- a239 Hal :bTeks; Tabel ;c21cm 4aPelayanan Publik0 aDinas Informasi Komunikasi, Pelayanan Umum, Perhubungan dan Data